El Sida en los programas de desarrollo mundial /
Guardado en:
| 主要作者: | |
|---|---|
| 其他作者: | , |
| 格式: | Texto |
| 主題: | |
| 標簽: |
添加標簽
沒有標簽, 成為第一個標記此記錄!
|
MARC
| LEADER | 00000 a a2200000 04500 | ||
|---|---|---|---|
| 001 | 8064 | ||
| 003 | |||
| 040 | |||
| 100 | |a Hecht, Robert | ||
| 245 | |a El Sida en los programas de desarrollo mundial / |c Robert Hecht | ||
| 650 | |a SIDA | ||
| 650 | |a PREVENCION DEL SIDA | ||
| 650 | |a PLANIFICACION DE LA SALUD | ||
| 650 | |a FINANCIAMIENTO DE LA SALUD | ||
| 700 | |a Adeyi, Olusoji | ||
| 700 | |a Semini, Iris | ||
| 773 | |g volumen 39, número 1; páginas 36-39 | ||
| 999 | |c 22154 |d 22154 | ||
